000 00314cam a2200121ua 4500
082 _a300
_bWEI/SO
100 _aWeinberg, Meyer .
_91511
100 _aShabat, Oscar E .
_91512
245 _aSociety and Man /
260 _aNew Delhi :
_bPrentice Hall of India Pvt Ltd. ,
_c1956.
300 _a762 ; .
942 _cREF
999 _c3772
_d3772